000 01649cam a2200373 i 4500
001 64921
003 Mx-PuUPA
005 20250320074126.0
008 080630s2002 ck a fr 001 0 spa d
020 _a9580465118
040 _aMx-PuUPA
_bspa
_cMx-PuUPA
_dMx-PuUPA
_erda
041 1 _aspa
_heng
100 1 _aSenge, Peter M.,
_d1947-
_eautor
_92723
240 1 _aSchools that learn.
_f2000
245 1 0 _aEscuelas que aprenden :
_bun manual de la quinta disciplina para educadores, padres de familia y todos los que se interesan en la educación /
_cPeter Senge [y otros cinco] ; traducción, Jorge Cárdenas Nannetti
246 1 4 _aLas fuentes de la quinta disciplina :
_bescuelas que aprenden.
250 _aPrimera edición
264 1 _aBogotá, Colombia :
_bGrupo Editorial Norma,
_c©2002
300 _a630 páginas :
_bdiagramas ;
_c23 cm
336 _2rdacontent
_atexto
_btxt
337 _2rdamedia
_asin medio
_bn
338 _2rdacarrier
_avolumen
_bnc
490 0 _aColección Vitral
650 7 _2armarc
_aEscuelas
_xAdministración
650 7 _2armarc
_aAdministración escolar
700 1 _aCárdenas Nannetti, Jorge,
_etraductor
765 0 8 _aSenge, Peter M.,
_tSchools that learn : a fifth discipline fieldbook for educators, parents, and everyone who cares about education
_bfirst edition
_dNew York : Doubleday, 2000
_z9780385493239
942 _2ddc
_cLI
_h371
_iS4718
999 _c64921
_d64921